000 00476cam a2200193ua 4500
001 1903
008 110811n ii |||gr||||Z||||||eng
040 _cMAIN
082 _a370.1
100 _aBaruah, K. C. ,
_eAuthor.
245 1 _aNew trends in education
_cby K. C. Baruah
250 _a1st.
260 _aAgra:
_bVinod pustak mandir.
300 _aiv; 108p:
_c23cm.
653 _aEducation
653 _aNew trends in education
700 _aSharma, M. M.,
942 _cBK
999 _c1778
_d1778